| 000 | 00639nam a2200265Ia 4500 | ||
|---|---|---|---|
| 005 | 20260121170700.0 | ||
| 008 | 008 260114s9999 xx 000 0 eng d | ||
| 020 | _a9783319960869 | ||
| 037 | _aEBOOK | ||
| 040 | _aCRL | ||
| 040 | _beng | ||
| 040 | _cCRL | ||
| 041 | _2eng | ||
| 041 | _aeng | ||
| 084 | _qCRL | ||
| 100 |
_aClaire Craig _91066872 |
||
| 245 | 0 | _aHow Does Government Listen to Scientists? | |
| 260 | _bSpringer | ||
| 260 | _bSpringer | ||
| 260 | _c2019 | ||
| 856 | _uhttps://link.springer.com/openurl?genre=book&isbn=978-3-319-96086-9 | ||
| 942 | _cEBOOK | ||
| 999 |
_c1632602 _d1632602 |
||